Online katalóg knižníc regiónu Turca

Tajomný šum viníc (Record no. 22123)

MARC details
000 -LEADER
fixed length control field 01601cam a2200421 4500
001 - CONTROL NUMBER
control field 22123
003 - CONTROL NUMBER IDENTIFIER
control field VRT
005 - DATE AND TIME OF LATEST TRANSACTION
control field 20260320111816.0
008 - FIXED-LENGTH DATA ELEMENTS--GENERAL INFORMATION
fixed length control field 210624s2019 xo gr 010 f slo
015 ## - NATIONAL BIBLIOGRAPHY NUMBER
National bibliography number SNBA2019/04
020 ## - INTERNATIONAL STANDARD BOOK NUMBER
International Standard Book Number 9788022021128
Qualifying information (viazané)
035 ## - SYSTEM CONTROL NUMBER
System control number D465FE85-F495-47D5-BDB5-B2BC26CA357C
035 ## - SYSTEM CONTROL NUMBER
System control number urn:nbn:sk:snk-am3icye
035 ## - SYSTEM CONTROL NUMBER
System control number urn:nbn:sk:snk-am00e3us
039 #9 - LEVEL OF BIBLIOGRAPHIC CONTROL AND CODING DETAIL [OBSOLETE]
Level of rules in bibliographic description 202106241138
Level of effort used to assign nonsubject heading access points VLOAD
Level of effort used to assign subject headings 202101050921
Level of effort used to assign classification VLOAD
Level of effort used to assign subject headings 201904091444
Level of effort used to assign classification msnk21
Level of effort used to assign subject headings 201903291252
Level of effort used to assign classification msnk03
040 ## - CATALOGING SOURCE
Original cataloging agency SVKBB
Language of cataloging slo
Transcribing agency SVKBB
Modifying agency SNK
Description conventions rda
041 1# - LANGUAGE CODE
Language code of text/sound track or separate title slo
Language code of original eng
044 ## - COUNTRY OF PUBLISHING/PRODUCING ENTITY CODE
MARC country code xo
ISO country code SK
072 #7 - SUBJECT CATEGORY CODE
Subject category code 821.111-3
Subject category code subdivision Anglická próza, anglicky písaná
Source konspekt
080 ## - UNIVERSAL DECIMAL CLASSIFICATION NUMBER
Universal Decimal Classification number 821.111(94)-31
Edition identifier 2011
100 1# - MAIN ENTRY--PERSONAL NAME
Personal name McKinley, Tamara,
Dates associated with a name 1948-
Relationship aut
240 10 - UNIFORM TITLE
Uniform title Jacaranda vines
Language of a work Slovensky
245 10 - TITLE STATEMENT
Title Tajomný šum viníc
Statement of responsibility, etc. Tamara McKinley ; z anglického originálu Jacaranda vines...preložila Marta Gergelyová
264 #1 - PRODUCTION, PUBLICATION, DISTRIBUTION, MANUFACTURE, AND COPYRIGHT NOTICE
Place of production, publication, distribution, manufacture Bratislava
Name of producer, publisher, distributor, manufacturer Slovenský spisovateľ, a.s.
Date of production, publication, distribution, manufacture, or copyright notice 2019
300 ## - PHYSICAL DESCRIPTION
Extent 383 strán
Dimensions 21 cm
336 ## - CONTENT TYPE
Content type term text
Content type code txt
Source rdacontent
337 ## - MEDIA TYPE
Media type term bez média
Media type code n
Source rdamedia
338 ## - CARRIER TYPE
Carrier type term zväzok
Carrier type code nc
Source rdacarrier
655 #7 - INDEX TERM--GENRE/FORM
Genre/form data or focus term austrálske romány
Source of term SNKPH
655 #7 - INDEX TERM--GENRE/FORM
Genre/form data or focus term Australian fiction
Source of term SNKPHeng
700 1# - ADDED ENTRY--PERSONAL NAME
Personal name Gergelyová, Marta,
Dates associated with a name 1966-
Relationship trl
942 ## - ADDED ENTRY ELEMENTS (KOHA)
Source of classification or shelving scheme Dewey Decimal Classification
Koha item type Krásna literatúra pre dospelých
Suppress in OPAC No
949 ## - LOCAL PROCESSING INFORMATION (OCLC)
6 270001000601429
a svkbbA 156950
b svkbbm 782419
949 ## - LOCAL PROCESSING INFORMATION (OCLC)
6 17A1361920
a snkSC 183600
b snk2019/8943
o 657/19
s 6100:20190411
949 ## - LOCAL PROCESSING INFORMATION (OCLC)
6 2889343696
a savukPV 28121
b savuk2019/1802
949 ## - LOCAL PROCESSING INFORMATION (OCLC)
6 17A1371790
a snkSC 183600 D1
b snk2019/13613
o 657/19
Holdings
Stav vyradenia Strata Poškodenie Spôsob nadobudnutia Domovská knižnica Aktuálna knižnica Dátum nadobudnutia Cena Total checkouts Čiarový kód exemplára Date last seen Typ exemplára
      Kúpa Obecná knižnica Horná Štubňa Obecná knižnica Horná Štubňa 20.03.2026 12.90   9788022021128 20.03.2026 Krásna literatúra pre dospelých
Projekt je podporený Slovenskou asociáciou knižníc
Prevádzkuje Turčianska knižnica Martin 2026